Science Quiz

Random Science or Clickable Quiz

The Scientist's Life Quiz Stats

Quiz Updated Mar 23, 2015

Challenge
Share
Tweet
Score 0/15 Timer 05:00
4 Plays Today
% Correct
 1879-1955
84.2%
384 BC-322 BC
78.4%
460 BC-377 BC
72.5%
570 BC-495 BC
72.5%
 1934-1996
69.4%
 1564-1642
66.9%
 1809-1882
66%
 1642-1727
63.1%
% Correct
 1473-1543
53.5%
 1916-2004
52.1%
 1932-1985
48.7%
 1914-1995
45.6%
 1822-1895
40.8%
 1834-1907
33.3%
 1686-1736
27.6%

You're not logged in!

Compare scores with friends on all Sporcle quizzes.
Sign Up with Email
OR
Log In

You Might Also Like...

Show Comments

Extras

Top Quizzes Today


Score Distribution

Your Account Isn't Verified!

In order to create a playlist on Sporcle, you need to verify the email address you used during registration. Go to your Sporcle Settings to finish the process.